[Event "AUTO-OPEN-4353"]
[Site "http://www.queenalice.com/game.php?id=1783919"]
[Date "2022.3.3"]
[Round "1"]
[White "Takeda"]
[Black "ootomm"]
[Result "0-1"]
[WhiteElo "2136"]
[BlackElo "1831"]

1. e4 e5 2. Nf3 Nf6 3. Nxe5 d6 4. Nf3 Nxe4 5. d4 d5 6. Bd3 Qe7 7. O-O Bf5 8. c4
Nc6 9. cxd5 Nb4 10. Bxe4 Bxe4 11. Na3 O-O-O 12. Qa4 Kb8 13. Re1 Nxd5 14. Nb5 a6
15. Nc3 Nxc3 16. bxc3 f5 17. Bg5 Qd7 18. Qxd7 Rxd7 19. Ne5 Rd5 20. f3 Bc2 21.
Nf7 Rg8 22. Rac1 Ba4 23. Re5 Rxe5 24. dxe5 h6 25. Bh4 g5 26. Bf2 Rg7 27. Nxh6
Re7 28. Bc5 Re8 29. Bxf8 Rxf8 30. Kf2 f4 31. Re1 Rh8 32. Ng4 Re8 33. e6 Re7 34.
Re5 b5 35. Nh6 Rh7 36. Ng4 b4 37. cxb4 Kc8 38. Rxg5 Re7 39. Rf5 Rxe6 40. Rxf4
Bb5 41. Ne3 Rd6 42. Nc4 Rd1 43. Nb2 Rd2+ 44. Ke3 Rxb2 45. h4 Re2+ 46. Kd4 Rxg2
47. h5 Rh2 48. Rf5 Be8 49. Ra5 Bxh5 50. Rxa6 Bxf3 51. a4 Kb7 52. Rf6 Rh4+ 53.
Kc3 Bd5 54. a5 Rc4+ 55. Kd3 Rxb4 56. Kc3 Ra4 57. Rf5 Rxa5 58. Kd4 c6 59. Rg5 Kb6
60. Rg1 Ra4+ 61. Kc3 c5 62. Rg6+ Kb5 63. Rg5 Ra3+ 64. Kb2 Rb3+ 65. Kc2 Bc4 66.
Rg7 Rh3 67. Rb7+ Kc6 68. Rg7 Bd3+ 69. Kd2 c4 70. Rg5 Rf3 71. Kc3 Bf1+ 72. Kc2 c3
73. Rh5 Be2 74. Rg5 Bb5 75. Rg4 Kc5 76. Rh4 Kb6 77. Rh8 Ka5 78. Ra8+ Kb4 79. Rb8
Rf2+ 80. Kc1 Rf5 81. Kc2 Rd5 82. Kc1 Rd2 83. Rb7 Ka4 84. Rb6 Rb2 85. Rb8 Ka3 86.
Rc8 Kb4 87. Rb8 Rh2 88. Kb1 c2+ 0-1

[Event "AUTO-OPEN-4353"]
[Site "http://www.queenalice.com/game.php?id=1783920"]
[Date "2022.3.3"]
[Round "1"]
[White "ootomm"]
[Black "Takeda"]
[Result "0-1"]
[WhiteElo "1828"]
[BlackElo "2147"]

1. e4 g6 2. Nc3 Bg7 3. Nge2 d6 4. g3 Nf6 5. Bg2 O-O 6. d4 c5 7. d5 a6 8. O-O b5
9. Bg5 Nbd7 10. Qd2 Ne5 11. b3 Nh5 12. Rad1 Bh3 13. Nf4 Bxg2 14. Kxg2 h6 15.
Nxh5 hxg5 16. Nxg7 Kxg7 17. Qxg5 Rh8 18. Qc1 Rh5 19. Ne2 Qh8 20. Rh1 g5 21. f4
Ng4 22. Qb2+ f6 23. Kf3 Nxh2+ 24. Ke3 gxf4+ 25. Nxf4 Ng4+ 26. Ke2 Rxh1 27. Ne6+
Kf7 28. Rxh1 Qxh1 29. Kd3 Qf3+ 30. Kd2 Qe3+ 0-1

[Event "AUTO-OPEN-4353"]
[Site "http://www.queenalice.com/game.php?id=1783939"]
[Date "2022.3.3"]
[Round "1"]
[White "Kapablanca"]
[Black "ootomm"]
[Result "0-1"]
[WhiteElo "1995"]
[BlackElo "1779"]

1. d4 d5 2. c4 c6 3. Nc3 Nf6 4. Nf3 Bg4 5. e3 Nbd7 6. Be2 e6 7. O-O Ne4 8. Nxe4
dxe4 9. Nd2 Bf5 10. Qc2 Bd6 11. Nxe4 Bc7 12. Bd3 Qe7 13. Ng3 Bxg3 14. hxg3 Bg4
15. f3 Bh5 16. Bd2 e5 17. Bxh7 g6 18. g4 Rxh7 19. gxh5 Rxh5 20. Kf2 O-O-O 21. d5
Qd6 22. e4 Nc5 23. b4 Nd7 24. c5 Qf6 25. d6 Rh2 26. Rh1 Qh4+ 27. Ke3 f5 28. Rxh2
Qxh2 29. Bc3 Nf6 30. exf5 Qf4+ 31. Kf2 Ng4+ 32. Ke1 Qe3+ 33. Kd1 Nf2+ 0-1

[Event "AUTO-OPEN-4353"]
[Site "http://www.queenalice.com/game.php?id=1783940"]
[Date "2022.3.3"]
[Round "1"]
[White "ootomm"]
[Black "Kapablanca"]
[Result "1/2-1/2"]
[WhiteElo "1834"]
[BlackElo "2108"]

1. e4 e6 2. Nc3 d5 3. Bb5+ Bd7 4. exd5 Bxb5 5. Nxb5 exd5 6. d4 c6 7. Nc3 Bd6 8.
Nf3 Nf6 9. Be3 O-O 10. O-O Nbd7 11. Qd2 Qc7 12. Ne2 Ne4 13. Qd3 f5 14. c4 f4 15.
Bc1 Rae8 16. c5 Be7 17. g3 fxg3 18. hxg3 Rf7 19. Bf4 Qd8 20. Ne5 Nxe5 21. Bxe5
Bf6 22. Bf4 Bg5 23. Kg2 Ref8 24. f3 Bxf4 25. Nxf4 Ng5 26. Rae1 Re8 27. Rh1 Rxe1
28. Rxe1 Re7 29. Re2 Rxe2+ 30. Nxe2 Qf6 31. Nf4 Ne6 32. Qe3 Nxf4+ 33. Qxf4 Qxf4
34. gxf4 Kf7 35. Kg3 Kf6 36. Kg4 g6 37. a4 a5 38. f5 gxf5+ 39. Kh5 f4 40. Kh6
Kf5 41. Kh5 Ke6 42. Kg5 Kd7 43. Kxf4 Kc7 44. Kg5 b6 45. cxb6+ Kxb6 46. f4 c5 47.
dxc5+ Kxc5 48. f5 Kd6 49. Kf6 d4 50. Kg7 d3 51. f6 d2 52. f7 d1=Q 53. f8=Q+ Kc7
54. Qc5+ Kb7 55. Qb5+ Kc8 56. Qe8+ Qd8 57. Qe5 Qc7+ 58. Qxc7+ Kxc7 59. Kxh7 Kc6
60. Kg6 Kc5 61. Kf5 Kb4 62. Ke5 Kxa4 63. Kd5 Kb3 64. Kc5 Kxb2 65. Kb5 a4 66.
Kxa4 Kc3 67. Kb5 1/2-1/2

[Event "AUTO-OPEN-4353"]
[Site "http://www.queenalice.com/game.php?id=1783951"]
[Date "2022.3.3"]
[Round "1"]
[White "ootomm"]
[Black "Jailt0nMendes"]
[Result "0-1"]
[WhiteElo "1846"]
[BlackElo "1872"]

1. e4 c5 2. Nc3 Nc6 3. g3 e6 4. Bg2 Be7 5. Nge2 Nf6 6. d3 d5 7. exd5 exd5 8. O-O
O-O 9. b3 Bg4 10. h3 Bxe2 11. Qxe2 Nd4 12. Qd1 Rc8 13. Bg5 Nc6 14. h4 h6 15. Bf4
Qd7 16. Re1 Rfe8 17. Qd2 Rcd8 18. Rad1 d4 19. Ne4 Nxe4 20. Rxe4 Nb4 21. Bf3 Nxa2
22. Ra1 Nc3 23. Ree1 a6 24. Kg2 Nd5 25. Bxh6 gxh6 26. Qxh6 Qd6 27. Qh5 Qg6 28.
Qxg6+ fxg6 29. Re5 Nc3 30. Rae1 Kf7 31. Bxb7 Rd6 32. Rxc5 Rb6 33. Rc7 Nb5 34.
Bd5+ Kf6 35. Rc6+ Rxc6 36. Bxc6 Rc8 37. Bxb5 axb5 38. Re2 Rc5 39. f4 Bd6 40. Kf3
Rc7 41. g4 Rf7 42. Re4 Bc5 43. Re5 Rc7 44. g5+ Kf7 45. f5 gxf5 46. Rxf5+ Ke6 47.
Rf6+ Ke5 48. Rb6 Bxb6 49. g6 Kf5 0-1

[Event "AUTO-OPEN-4353"]
[Site "http://www.queenalice.com/game.php?id=1783952"]
[Date "2022.3.3"]
[Round "1"]
[White "Jailt0nMendes"]
[Black "ootomm"]
[Result "1/2-1/2"]
[WhiteElo "1755"]
[BlackElo "1804"]

1. e4 e5 2. Nf3 Nf6 3. Nc3 Nc6 4. d3 d6 5. Bg5 Be7 6. d4 exd4 7. Nxd4 Ne5 8. Nf5
O-O 9. Nxe7+ Qxe7 10. Nd5 Qd8 11. Nxf6+ gxf6 12. Bh6 Re8 13. g4 Bxg4 14. Rg1 Qd7
15. f4 Kh8 16. Be2 Bxe2 17. Qxe2 Ng6 18. f5 Rxe4 19. Qxe4 Re8 20. Qxe8+ Qxe8+
21. Kd2 Ne5 22. Bg7+ Kg8 23. Bh6+ Kh8 24. Rae1 Nf3+ 25. Kd1 Nxe1 26. Bg7+ Kg8
27. Bxf6+ Kf8 28. Bg7+ Kg8 29. Bc3+ Kf8 30. Bg7+ Kg8 1/2-1/2

[Event "Challenge"]
[Site "http://www.queenalice.com/game.php?id=1786493"]
[Date "2022.4.6"]
[Round "-"]
[White "Retraiteactive"]
[Black "ootomm"]
[Result "1/2-1/2"]
[WhiteElo "1917"]
[BlackElo "1831"]

1. Nf3 Nf6 2. d4 d5 3. a3 Bf5 4. e3 e6 5. c4 c6 6. Nc3 Be7 7. cxd5 exd5 8. Be2
Qc7 9. O-O O-O 10. Bd2 Nbd7 11. Rc1 a6 12. Re1 Rfe8 13. b4 Ng4 14. g3 Ndf6 15.
Nh4 Bd7 16. Nxd5 Nxd5 17. Bxg4 Bxh4 18. gxh4 Bxg4 19. Qxg4 Re6 20. Kh1 Rg6 21.
Qh3 h5 22. Rg1 Qd6 23. Rxg6 Qxg6 24. Rg1 Qe4+ 25. f3 Qe6 26. Qxe6 fxe6 27. f4
Nf6 28. Bc1 Ne4 29. Kg2 Kf7 30. Kf3 Nd6 31. Rg5 g6 32. h3 Nf5 33. Bd2 Nxh4+ 34.
Kf2 Nf5 35. Bc1 a5 36. Bd2 a4 37. Kf3 b5 38. Bc1 Rd8 39. Ke2 Nh4 40. Bd2 1/2-1/2

[Event "AUTO-ADV-4614"]
[Site "http://www.queenalice.com/game.php?id=1790044"]
[Date "2022.6.3"]
[Round "1"]
[White "Canaye"]
[Black "ootomm"]
[Result "1-0"]
[WhiteElo "1865"]
[BlackElo "1853"]

1. d4 d5 2. c4 c6 3. Nc3 Nf6 4. cxd5 Nxd5 5. e4 Nxc3 6. bxc3 e6 7. Bd3 Be7 8.
Ne2 O-O 9. O-O Nd7 10. Qc2 e5 11. d5 cxd5 12. exd5 Nf6 13. Bg5 g6 14. Bh6 Re8
15. Ng3 Bc5 16. c4 Ng4 17. h3 Nxh6 18. Ne4 Bd4 19. Rab1 Nf5 20. Nd2 Qg5 21. Nf3
Qf4 22. Nxd4 Nxd4 23. Qc1 Nf3+ 24. gxf3 Qxf3 25. Qe3 Qxh3 26. Qxh3 Bxh3 27. Rxb7
Bxf1 28. Kxf1 h5 29. c5 Red8 30. d6 Kg7 31. d7 Kf6 32. c6 Ke7 33. Bb5 a6 34. Ba4
f5 35. c7 Rac8 36. cxd8=Q+ Rxd8 37. Ra7 Kf6 38. Rxa6+ Kg5 39. Kg2 f4 40. f3 h4
41. Re6 Rh8 42. Re8 h3+ 43. Kh2 1-0

[Event "AUTO-ADV-4614"]
[Site "http://www.queenalice.com/game.php?id=1790045"]
[Date "2022.6.3"]
[Round "1"]
[White "ootomm"]
[Black "Canaye"]
[Result "1-0"]
[WhiteElo "1845"]
[BlackElo "1874"]

1. e4 e6 2. d4 d5 3. exd5 exd5 4. Nf3 Nf6 5. Bf4 Bg4 6. Be2 Be7 7. Nc3 Bb4 8.
Qd3 O-O 9. h3 Bxf3 10. Bxf3 Nc6 11. a3 Re8+ 12. Be3 Bxc3+ 13. Qxc3 Rb8 14. O-O
Ne7 15. Rfe1 Ne4 16. Qb3 Ng6 17. Rad1 c6 18. c3 Ng5 19. Bg4 Ne4 20. Qc2 a6 21.
f3 Nf6 22. Bf5 Ne7 23. g4 Nxf5 24. Qxf5 Qb6 25. Bf4 Qxb2 26. Bd2 Rxe1+ 27. Bxe1
Qxa3 28. g5 Ne8 29. h4 g6 30. Qe5 Ng7 31. Qxb8+ Ne8 32. Qxe8+ Kg7 33. Rd3 Qc1
34. Re3 a5 35. Re7 Qf4 36. Kf2 Qh2+ 37. Ke3 Qh1 38. Rxf7# 1-0

[Event "AUTO-ADV-4614"]
[Site "http://www.queenalice.com/game.php?id=1790056"]
[Date "2022.6.3"]
[Round "1"]
[White "BGM9"]
[Black "ootomm"]
[Result "1-0"]
[WhiteElo "2044"]
[BlackElo "1862"]

1. d4 d5 2. Nf3 Nf6 3. Bf4 b6 4. e3 Ne4 5. Nbd2 Bb7 6. Bd3 e6 7. O-O Nxd2 8.
Qxd2 Nc6 9. a3 Bd6 10. Bxd6 Qxd6 11. Rfe1 O-O-O 12. Rac1 e5 13. dxe5 Nxe5 14.
Nxe5 Qxe5 15. f4 Qxb2 16. Rb1 Qxa3 17. Ra1 Qc5 18. Rxa7 Rhe8 19. Ba6 Bxa6 20.
Rxa6 d4 21. Ra8+ Kb7 22. Rxd8 Rxd8 23. Qd3 g6 24. e4 Qa5 25. Rd1 Qh5 26. e5 c5
27. Qe4+ Kc7 28. Ra1 Kd7 29. Ra7+ Ke6 30. Qc6+ Kf5 31. Rxf7+ Kg4 32. Qf3+ Kh4
33. Qg3# 1-0

[Event "AUTO-ADV-4614"]
[Site "http://www.queenalice.com/game.php?id=1790057"]
[Date "2022.6.3"]
[Round "1"]
[White "ootomm"]
[Black "BGM9"]
[Result "0-1"]
[WhiteElo "1837"]
[BlackElo "2086"]

1. e4 c5 2. Nc3 Nc6 3. g3 e6 4. Bg2 g6 5. Nge2 Bg7 6. d3 Nge7 7. O-O O-O 8. Bd2
a6 9. Qc1 d6 10. Bh6 Qc7 11. Bxg7 Kxg7 12. Qg5 h6 13. Qe3 f5 14. Nf4 g5 15. Nh5+
Kg6 16. Nf4+ gxf4 17. gxf4 Nd4 18. Rac1 Kh7 19. Ne2 Nxe2+ 20. Qxe2 Rg8 21. c3
Ng6 22. Qf3 Nh4 23. Qh3 Nxg2 24. Qxg2 Rxg2+ 25. Kxg2 Qc6 26. f3 Qb5 27. b3 Qxd3
28. Rcd1 Qe2+ 29. Kh1 fxe4 30. fxe4 d5 31. Rde1 Qxa2 32. exd5 b5 33. dxe6 Bb7+
0-1

[Event "AUTO-ADV-4614"]
[Site "http://www.queenalice.com/game.php?id=1790064"]
[Date "2022.6.3"]
[Round "1"]
[White "ootomm"]
[Black "diegem"]
[Result "0-1"]
[WhiteElo "1734"]
[BlackElo "2043"]

1. e4 e5 2. Nc3 Nf6 3. g3 Nc6 4. Bg2 h6 5. Nge2 Bc5 6. d3 O-O 7. O-O d6 8. Nd5
Bg4 9. h3 Bh5 10. c3 a5 11. g4 Bg6 12. Ng3 Nb8 13. Be3 Bxe3 14. fxe3 Nbd7 15.
Nxf6+ Nxf6 16. d4 c6 17. a4 b6 0-1

[Event "AUTO-ADV-4614"]
[Site "http://www.queenalice.com/game.php?id=1790065"]
[Date "2022.6.3"]
[Round "1"]
[White "diegem"]
[Black "ootomm"]
[Result "1-0"]
[WhiteElo "2039"]
[BlackElo "1738"]

1. e4 e5 2. Nf3 Nc6 3. Nc3 Bb4 4. Ne2 Nf6 5. Ng3 d5 6. c3 Ba5 7. exd5 Nxd5 8.
Bb5 Bd7 9. Bxc6 Bxc6 10. O-O Qd6 11. Re1 O-O-O 12. Nxe5 Rhf8 13. Qg4+ Bd7 14.
Qxg7 Rde8 15. Nf3 Qg6 16. Qd4 Rxe1+ 17. Nxe1 1-0

[Event "AUTO-OPEN-4378"]
[Site "http://www.queenalice.com/game.php?id=1792474"]
[Date "2022.7.14"]
[Round "1"]
[White "sia"]
[Black "ootomm"]
[Result "0-1"]
[WhiteElo "1938"]
[BlackElo "1810"]

1. e4 e5 2. d3 Nc6 3. Nf3 Bc5 4. Be3 Bb4+ 5. c3 Ba5 6. b4 Bb6 7. b5 Bxe3 8. fxe3
Na5 9. Nxe5 d6 10. Nf3 Bd7 11. c4 b6 12. Be2 Qf6 13. Nbd2 Nh6 14. O-O O-O-O 15.
Nb3 Qc3 16. Qe1 Qxe1 17. Raxe1 Ng4 18. Ng5 Nxe3 19. Rxf7 Nb7 20. Rxg7 Rdg8 21.
Rxg8+ Rxg8 22. Bf3 Nc2 23. Rf1 Rxg5 24. Rc1 Nb4 0-1

[Event "AUTO-OPEN-4378"]
[Site "http://www.queenalice.com/game.php?id=1792475"]
[Date "2022.7.14"]
[Round "1"]
[White "ootomm"]
[Black "sia"]
[Result "0-1"]
[WhiteElo "1843"]
[BlackElo "2019"]

1. e4 e5 2. Nf3 d6 3. Bc4 h6 4. d4 exd4 5. Nxd4 Nc6 6. Nxc6 bxc6 7. Qf3 Nf6 8.
O-O Be6 9. Bb3 Be7 10. Nc3 O-O 11. Be3 Ng4 12. Bd2 Ne5 13. Qh5 Bg4 14. Qxh6 gxh6
15. h3 Bh5 0-1

[Event "AUTO-OPEN-4378"]
[Site "http://www.queenalice.com/game.php?id=1792494"]
[Date "2022.7.14"]
[Round "1"]
[White "RaulSoft"]
[Black "ootomm"]
[Result "1-0"]
[WhiteElo "2686"]
[BlackElo "1815"]

1. d4 d5 2. c4 e6 3. Nf3 Nf6 4. g3 Bb4+ 5. Bd2 Qe7 6. Bg2 dxc4 7. Qa4+ Nc6 8.
Ne5 Bxd2+ 9. Nxd2 Qd6 10. Nxc6 bxc6 11. Qxc6+ Qxc6 12. Bxc6+ Nd7 13. Bxa8 1-0

[Event "AUTO-OPEN-4378"]
[Site "http://www.queenalice.com/game.php?id=1792495"]
[Date "2022.7.14"]
[Round "1"]
[White "ootomm"]
[Black "RaulSoft"]
[Result "0-1"]
[WhiteElo "1813"]
[BlackElo "2687"]

1. e4 e5 2. Nf3 Nc6 3. Bb5 Nf6 4. d4 exd4 5. Bxc6 dxc6 6. O-O Bg4 7. Bf4 Bxf3 8.
Qxf3 Qd7 9. Nd2 O-O-O 10. Rad1 Qe6 11. b3 h6 12. e5 Nd5 13. Bg3 Nb4 0-1

[Event "AUTO-ADV-4624"]
[Site "http://www.queenalice.com/game.php?id=1792544"]
[Date "2022.7.15"]
[Round "1"]
[White "profeta"]
[Black "ootomm"]
[Result "0-1"]
[WhiteElo "1537"]
[BlackElo "1834"]

1. e4 e5 2. Nf3 Nc6 3. Nc3 Bc5 4. Bc4 Nf6 5. d3 O-O 6. Bg5 h6 7. Bxf6 Qxf6 8.
Nd5 Qd8 9. O-O Nd4 10. Nxd4 Bxd4 11. c3 Bc5 12. a3 c6 13. Ne3 d6 14. Nf5 Bxf5
15. exf5 d5 16. Bb3 Qf6 17. d4 exd4 18. c4 Qxf5 19. Qf3 Qxf3 20. gxf3 Rad8 21.
Rfe1 dxc4 22. Bxc4 b5 23. b4 bxc4 24. bxc5 Rd5 25. Re7 d3 26. Rxa7 Rxc5 27. Rd1
Rd8 28. f4 c3 29. Rb7 c2 30. Rxd3 c1=Q+ 31. Kg2 Rxd3 32. h3 Qxf4 33. Re7 Qg5+
34. Kh2 Qxe7 35. a4 Qe5+ 36. Kg1 Rc1+ 37. Kg2 Qg5+ 38. Kh2 Qg1# 0-1

[Event "AUTO-ADV-4624"]
[Site "http://www.queenalice.com/game.php?id=1792545"]
[Date "2022.7.15"]
[Round "1"]
[White "ootomm"]
[Black "profeta"]
[Result "0-1"]
[WhiteElo "1838"]
[BlackElo "1547"]

1. e4 e5 2. Nf3 Nc6 3. Bc4 Nf6 4. Ng5 d5 5. exd5 Nxd5 6. Qf3 Nf6 7. Bxf7+ Ke7 8.
b3 Bg4 9. Ba3+ Kd7 10. Qd3+ Kc8 11. Qxd8+ Nxd8 12. Bb2 Bd6 13. h3 Bh5 14. Nc3
Nxf7 15. Nxf7 Bxf7 16. O-O-O a6 17. f3 Re8 18. Rhe1 Bb4 19. g4 Bxc3 20. Bxc3 Nd7
21. d4 exd4 22. Rxe8+ Bxe8 23. Bxd4 g6 24. Re1 Kd8 25. g5 h5 26. h4 c5 27. Bf6+
Kc7 28. Be5+ Nxe5 29. Rxe5 b6 30. f4 Kb7 31. Re7+ Kc6 32. Re6+ Kb5 33. a4+ Kb4
34. Rxb6+ Kc3 35. Rd6 Ra7 36. Rd3+ Kb4 37. Kb2 Rd7 38. c3+ Ka5 39. Kc2 Rxd3 40.
Kxd3 Bf7 41. Kc2 Be6 42. Kb2 Bd7 43. Ka3 Bg4 44. b4+ cxb4+ 45. cxb4+ Kb6 46. Kb3
a5 47. Kc4 Be6+ 48. Kc3 axb4+ 49. Kxb4 Ka6 50. a5 Bd7 0-1

[Event "AUTO-ADV-4624"]
[Site "http://www.queenalice.com/game.php?id=1792558"]
[Date "2022.7.15"]
[Round "1"]
[White "ootomm"]
[Black "ALDROB"]
[Result "0-1"]
[WhiteElo "1859"]
[BlackElo "1864"]

1. e4 e5 2. Nf3 Nc6 3. Bc4 Nf6 4. Ng5 d5 5. exd5 Na5 6. b3 Nxc4 7. bxc4 Bc5 8.
Bb2 h6 9. Nf3 Qe7 10. O-O O-O 11. Re1 Ng4 12. d4 Bb6 13. h3 Nf6 14. dxe5 Ne8 15.
Nd4 Bd7 16. Qf3 Qc5 17. Nd2 Rd8 18. Nb5 Bxb5 19. cxb5 Rxd5 20. a4 Rxd2 0-1

[Event "AUTO-ADV-4624"]
[Site "http://www.queenalice.com/game.php?id=1792559"]
[Date "2022.7.15"]
[Round "1"]
[White "ALDROB"]
[Black "ootomm"]
[Result "1-0"]
[WhiteElo "1836"]
[BlackElo "1831"]

1. c4 e5 2. Nc3 Nf6 3. Nf3 Nc6 4. d4 e4 5. Ng5 Bb4 6. d5 Na5 7. Qa4 b6 8. Qxb4
d6 9. Ncxe4 Nxe4 10. Nxe4 O-O 11. Be3 Bf5 12. Ng3 Bg6 13. f3 Nb7 14. h4 Qd7 15.
Rc1 Rfe8 16. Bf2 Nc5 17. e4 a5 18. Qd2 f5 19. Bd3 fxe4 20. fxe4 Nxe4 21. Bxe4
Bxe4 22. Nxe4 Rxe4+ 23. Be3 Qg4 24. Rh3 Rae8 25. Rc3 h5 26. b3 Qf5 27. Rf3 Qg4
28. Qf2 Kh7 29. Kd2 Kg8 30. Qg3 Kh7 31. Qxg4 hxg4 32. Rg3 Kg6 33. Rd3 Kh5 34.
Bg5 Re2+ 35. Kc3 Rxa2 36. Kd4 c5+ 37. Kc3 Ree2 38. Rd1 Rxg2 39. Rxg2 1-0

[Event "AUTO-ADV-4624"]
[Site "http://www.queenalice.com/game.php?id=1792560"]
[Date "2022.7.15"]
[Round "1"]
[White "ootomm"]
[Black "atbn"]
[Result "0-1"]
[WhiteElo "1804"]
[BlackElo "2035"]

1. e4 e5 2. Nf3 Nc6 3. Bb5 Bc5 4. O-O Nd4 5. Nxd4 Bxd4 6. c3 Bb6 7. d4 c6 8. Ba4
Nf6 9. Na3 d6 10. Re1 O-O 11. Bg5 h6 12. Bh4 g5 13. Bg3 exd4 14. cxd4 Nh5 15.
Qd3 Qf6 16. Nc2 Nxg3 17. hxg3 c5 18. Rad1 Bg4 19. f3 Be6 20. e5 Qe7 21. Bb3 Bxb3
22. Qxb3 cxd4 23. Nxd4 dxe5 24. Kh1 Bxd4 25. Rxd4 Rfd8 26. Rde4 Rd7 27. Rxe5 Qf6
28. Re8+ Rxe8 29. Rxe8+ Kg7 30. Kh2 b6 31. Ra8 Qd6 0-1

[Event "AUTO-ADV-4624"]
[Site "http://www.queenalice.com/game.php?id=1792561"]
[Date "2022.7.15"]
[Round "1"]
[White "atbn"]
[Black "ootomm"]
[Result "1-0"]
[WhiteElo "2028"]
[BlackElo "1811"]

1. d4 d5 2. Nf3 Nc6 3. Bf4 Bf5 4. e3 Nb4 5. Na3 e6 6. c3 Nc6 7. Nb5 Bd6 8. Nxd6+
cxd6 9. Bd3 Nge7 10. Qc2 Bxd3 11. Qxd3 f6 12. O-O e5 13. Qb5 exf4 14. exf4 O-O
15. b3 Qd7 16. Rfe1 Rac8 17. Re2 a6 18. Qd3 Nf5 19. Rae1 Nfe7 20. Nh4 Rce8 21.
Re6 Nd8 22. R6e3 b5 23. Rg3 Ne6 24. f5 Nf4 25. Rxg7+ Kh8 26. Qg3 Nh5 27. Rxh7+
Kxh7 28. Rxe7+ Qxe7 29. Qg6+ 1-0